Inside the Writer's Mind (Record no. 3950)

MARC details
000 -LEADER
fixed length control field 00397nam a22001697a 4500
005 - DATE AND TIME OF LATEST TRANSACTION
control field 20160625105142.0
008 - FIXED-LENGTH DATA ELEMENTS--GENERAL INFORMATION
fixed length control field 160625b xxu||||| |||| 00| 0 eng d
020 ## - INTERNATIONAL STANDARD BOOK NUMBER
ISBN 81-229-0179-4
041 ## - LANGUAGE CODE
Language code of text/sound track or separate title eng
082 ## - DEWEY DECIMAL CLASSIFICATION NUMBER
Item number 10144
100 ## - MAIN ENTRY--AUTHOR NAME
Personal name Bloom, Stephen G
245 ## - TITLE STATEMENT
Title Inside the Writer's Mind
260 ## - PUBLICATION, DISTRIBUTION, ETC. (IMPRINT)
Name of publisher Surjeet
Year of publication 2004
300 ## - PHYSICAL DESCRIPTION
Number of Pages 279
650 ## - SUBJECT ADDED ENTRY--TOPICAL TERM
Topical Term Mass Communication
942 ## - ADDED ENTRY ELEMENTS (KOHA)
Koha item type Books
Holdings
Lost status Damaged status Home library Current library Shelving location Date acquired Cost, normal purchase price Full call number Accession Number Koha item type Collection code
    JRU Library   SHELF-32-I 25/06/2016 195.00 10144 10144 Books  
    JRU Library   SHELF-32-I 25/06/2016 195.00 10144 10145 Books  
    JRU Library   SHELF-32-I 25/06/2016 195.00 10144 10146 Books  
    JRU Library JRU Library SHELF-102-J 25/06/2016 195.00 070.43 10147 Books LIFE SKILL